Hmotnostný spektrometer sekundárnych iónov ; M. Veselý, R. Harman, V. Fesič, Ľ. Slovinec, P. Vogrinčič

Bibliographic Details
Main Authors: Veselý, M. (Author), Harman, Rudolf, 1931-1999 (Author), Fesič, V. (Author), Slovinec, Ľ. (Author), Vogrinčič, P. (Author)
Format: Article
Language:Slovak
PhysicalDescription:Grafy 3. Sch. 2., lit. 2 zázn. v slov.
Subjects:

MARC

LEADER 00000nab a2200000 a 4500
001 vtls000272979
003 SK-MaSNL
005 20260302213744.0
008 111202c1986 xo 0 slo
015 |a SNBRA19rr/mm-uuuuu 
035 |a CL0283093 
040 |a SNKBUCL  |b slo  |c SNKBUCL  |e AACR2 
041 0 |a slo 
044 |a xo  |c SK 
080 |a 621.384.8:621.382  |2 1981 
080 |a 621.382  |2 1981 
080 |a 537.5  |2 1981 
245 0 0 |a Hmotnostný spektrometer sekundárnych iónov ; M. Veselý, R. Harman, V. Fesič, Ľ. Slovinec, P. Vogrinčič 
300 |b Grafy 3. Sch. 2., lit. 2 zázn. v slov. 
650 0 7 |a polovodiče  |2 snkbucl  |9 1571 
650 0 7 |a spektrometria hmotnostná sekundárnych iónov  |2 snkbucl  |9 940199 
655 7 |a články zo zborníkov  |2 snkbucl  |9 166140 
700 1 |a Veselý, M.  |4 aut  |9 338949 
700 1 |a Harman, Rudolf,  |d 1931-1999  |4 aut  |9 37285 
700 1 |a Fesič, V.  |4 aut  |9 817193 
700 1 |a Slovinec, Ľ.  |4 aut  |9 940200 
700 1 |a Vogrinčič, P.  |4 aut  |9 777047 
773 0 |t Zborník prác z vedeckej konferencie Elektrotechnickej fakulty SVŠT. Sekcia: Mikroelektronika  |d Bratislava : SVŠT, 1986  |g S. 80-90 
850 |a Slovenská národná knižnica v Martine  |a MTA001 
852 |a SNK  |b KIS3GCP 
958 |a RK 
992 |a RZB 
999 |c 1494788  |d 1496718